Dialogue et dissensions entre Saint Bonaventure et Saint Thomas d' Aquin a Paris 1252-1273
Spremljeno u:
| Glavni autor: | |
|---|---|
| Format: | Knjiga |
| Jezik: | francuski |
| Izdano: |
París
J. Vrin
1974
|
| Serija: | Bibliotheque Thomiste, 49
|
| Teme: | |
| Oznake: |
Dodaj oznaku
Bez oznaka, Budi prvi tko označuje ovaj zapis!
|
MARC
| LEADER | 00000nam a2200000 a 4500 | ||
|---|---|---|---|
| 001 | UCP2711 | ||
| 003 | CL-VaPUC | ||
| 008 | 990528e19740000FR |||||||||||||||||fre|d | ||
| 082 | 0 | 4 | |a 189.4 |b WEB |2 21 |
| 100 | 0 | |a Weber, Edouard Henri |e author |9 429661 | |
| 245 | 1 | 0 | |a Dialogue et dissensions entre Saint Bonaventure et Saint Thomas d' Aquin a Paris 1252-1273 |
| 300 | |a 519 p | ||
| 942 | |c BK | ||
| 945 | |d 19990528 00:00:00 |a rbrito | ||
| 260 | |a París |b J. Vrin |c 1974 | ||
| 600 | 0 | |a Tomás de Aquino |d 1220-1274 |c Santo |9 255832 | |
| 650 | 0 | |a Escolasticismo |9 264998 | |
| 650 | 0 | |a Tomismo |9 259214 | |
| 583 | |a last modification |c 20121002 11:15:42 |k Rodrigo Vera | ||
| 490 | 0 | |a Bibliotheque Thomiste, 49 | |
| 999 | |c 281210 |d 281208 | ||
| 952 | |0 0 |1 0 |4 0 |6 189_400000000000000_WEB_1974 |7 0 |8 P |9 321890 |a BIBEDU |b BIBEDU |c BIBEDU_PB |d 2019-11-20 |i 3498565 |o 189.4 WEB 1974 |p 3498565 |r 2024-01-25 |w 2019-11-20 |y BK |k FIL | ||